{"text_format":"3","workbook":"xlsx","n_sheets":1,"sheets":["t295"],"read":"whole","date_system":"1900"}

{"sheet":"t295","index":0,"n_rows":121,"n_cols":7,"rows_kept":121,"merged":[[0,0,0,6],[30,0,30,5],[41,0,41,5],[105,0,105,5]]}
["TABELA 295.1 - Estatísticas Agrícolas, Município de Juquitiba, Estado de São Paulo, 2007/08."]
["ITEM","UNIDADE","N.DE UPAs","MÍNIMO","MÉDIO","MÁXIMO","TOTAL"]
["Distância à sede do município","km",4,{"v":1,"d":"1.0"},{"v":9.16,"d":"9.2"},{"v":21,"d":"21.0"},"-"]
["Área total","hectare",4,{"v":62,"d":"62.0"},{"v":83.98,"d":"84.0"},108.9,335.9]
["Área com cultura perene","hectare",1,{"v":2,"d":"2.0"},{"v":2,"d":"2.0"},{"v":2,"d":"2.0"},{"v":2,"d":"2.0"}]
["Área com cultura temporária","hectare",4,{"v":2,"d":"2.0"},3.1,5.4,12.4]
["Área com pastagem","hectare",4,{"v":8,"d":"8.0"},{"v":14,"d":"14.0"},{"v":23,"d":"23.0"},{"v":56,"d":"56.0"}]
["Área com reflorestamento","hectare",3,2.2,{"v":10.73,"d":"10.7"},{"v":20,"d":"20.0"},32.2]
["Área com vegetação natural","hectare",4,{"v":31,"d":"31.0"},{"v":48,"d":"48.0"},81.8,{"v":192,"d":"192.0"}]
["Área com vegetação de brejo e várzea","hectare","-","-","-","-",{"v":0,"d":"0.0"}]
["Área em descanso","hectare",4,1.7,{"v":7.98,"d":"8.0"},{"v":19,"d":"19.0"},31.9]
["Área complementar","hectare",4,0.2,{"v":2.35,"d":"2.4"},{"v":7,"d":"7.0"},9.4]
["Área das UPAs com (0, 1] ha","hectare","-","-","-","-","-"]
["Área das UPAs com (1, 2] ha","hectare","-","-","-","-","-"]
["Área das UPAs com (2, 5] ha","hectare","-","-","-","-","-"]
["Área das UPAs com (5, 10] ha","hectare","-","-","-","-","-"]
["Área das UPAs com (10, 20] ha","hectare","-","-","-","-","-"]
["Área das UPAs com (20, 50] ha","hectare","-","-","-","-","-"]
["Área das UPAs com (50, 100] ha","hectare",2,{"v":62,"d":"62.0"},62.5,{"v":63,"d":"63.0"},{"v":125,"d":"125.0"}]
["Área das UPAs com (100, 200] ha","hectare",2,{"v":102,"d":"102.0"},{"v":105.45,"d":"105.5"},108.9,210.9]
["Área das UPAs com (200, 500] ha","hectare","-","-","-","-","-"]
["Área das UPAs com (500, 1.000] ha","hectare","-","-","-","-","-"]
["Área das UPAs com (1.000, 2.000] ha","hectare","-","-","-","-","-"]
["Área das UPAs com (2.000, 5.000] ha","hectare","-","-","-","-","-"]
["Área das UPAs com (5.000, 10.000] ha","hectare","-","-","-","-","-"]
["Área das UPAs acima de 10.000 ha","hectare","-","-","-","-","-"]
["Familiares do proprietário que trabalham na UPA","unidade",2,{"v":2,"d":"2.0"},2.5,{"v":3,"d":"3.0"},{"v":5,"d":"5.0"}]
["Trabalhadores permanentes","unidade",4,{"v":1,"d":"1.0"},{"v":2.25,"d":"2.3"},{"v":3,"d":"3.0"},{"v":9,"d":"9.0"}]
["Fonte: Secretaria de Agricultura e Abastecimento, CDRS/IEA, Projeto LUPA."]
[]
["TABELA 295.2 - Explorações Animais, Município de Juquitiba, Estado de São Paulo, 2007/08."]
["ITEM","UNIDADE","N.DE UPAs","MÍNIMO","MÉDIO","MÁXIMO","TOTAL"]
["Avicultura para Ovos","cabeças",1,{"v":70,"d":"70.0"},{"v":70,"d":"70.0"},{"v":70,"d":"70.0"},{"v":70,"d":"70.0"}]
["Bovinocultura Leiteira","cabeças",1,{"v":10,"d":"10.0"},{"v":10,"d":"10.0"},{"v":10,"d":"10.0"},{"v":10,"d":"10.0"}]
["Bovinocultura Mista","cabeças",3,{"v":6,"d":"6.0"},{"v":10.67,"d":"10.7"},{"v":16,"d":"16.0"},{"v":32,"d":"32.0"}]
["Caprinocultura","cabeças",2,{"v":3,"d":"3.0"},7.5,{"v":12,"d":"12.0"},{"v":15,"d":"15.0"}]
["Equinocultura","cabeças",3,{"v":2,"d":"2.0"},{"v":3.33,"d":"3.3"},{"v":6,"d":"6.0"},{"v":10,"d":"10.0"}]
["Ovinocultura","cabeças",1,{"v":12,"d":"12.0"},{"v":12,"d":"12.0"},{"v":12,"d":"12.0"},{"v":12,"d":"12.0"}]
["Suinocultura","cabeças",3,{"v":5,"d":"5.0"},{"v":11.33,"d":"11.3"},{"v":20,"d":"20.0"},{"v":34,"d":"34.0"}]
["Fonte: Secretaria de Agricultura e Abastecimento, CDRS/IEA, Projeto LUPA."]
[]
["TABELA 295.3 -  Máquinas, Implementos e Benfeitorias, Município de Juquitiba, Estado de São Paulo, 2007/08."]
["ITEM","UNIDADE","N.DE UPAs","MÍNIMO","MÉDIO","MÁXIMO","TOTAL"]
["Arado Comum (Bacia, Aiveca)","Unidade",1,{"v":1,"d":"1.0"},{"v":1,"d":"1.0"},{"v":1,"d":"1.0"},{"v":1,"d":"1.0"}]
["Desintegrador, Picador, Triturador","Unidade",3,{"v":1,"d":"1.0"},{"v":1.33,"d":"1.3"},{"v":2,"d":"2.0"},{"v":4,"d":"4.0"}]
["Microtrator","Unidade",2,{"v":1,"d":"1.0"},{"v":1,"d":"1.0"},{"v":1,"d":"1.0"},{"v":2,"d":"2.0"}]
["Ordenhadeira Mecânica","Unidade",1,{"v":1,"d":"1.0"},{"v":1,"d":"1.0"},{"v":1,"d":"1.0"},{"v":1,"d":"1.0"}]
["Resfriador de Leite, Tanque Expansão","Unidade",1,{"v":1,"d":"1.0"},{"v":1,"d":"1.0"},{"v":1,"d":"1.0"},{"v":1,"d":"1.0"}]
["Açude/Represa","Unidade",3,{"v":1,"d":"1.0"},{"v":3,"d":"3.0"},{"v":4,"d":"4.0"},{"v":9,"d":"9.0"}]
["Barracão/Galpão/Garagem","Unidade",2,{"v":1,"d":"1.0"},1.5,{"v":2,"d":"2.0"},{"v":3,"d":"3.0"}]
["Casa de Moradia Habitada","Unidade",4,{"v":2,"d":"2.0"},2.5,{"v":4,"d":"4.0"},{"v":10,"d":"10.0"}]
["Casa de Moradia Total","Unidade",4,{"v":2,"d":"2.0"},{"v":2.75,"d":"2.8"},{"v":3,"d":"3.0"},{"v":11,"d":"11.0"}]
["Curral/Mangueira","Unidade",3,{"v":1,"d":"1.0"},{"v":1,"d":"1.0"},{"v":1,"d":"1.0"},{"v":3,"d":"3.0"}]
["Estábulo","Unidade",1,{"v":1,"d":"1.0"},{"v":1,"d":"1.0"},{"v":1,"d":"1.0"},{"v":1,"d":"1.0"}]
["Fonte: Secretaria de Agricultura e Abastecimento, CDRS/IEA, Projeto LUPA."]
[]
["TABELA 295.4 - Outras Estatísticas Agrícolas, Município de Juquitiba, Estado de São Paulo, 2007/08."]
["ITEM","Número de UPAs",null,"Percentual"]
["Faz Parte de Associação de Produtores",1,null,{"v":25,"d":"25.0"}]
["Faz Parte de Cooperativa de Produtores","-",null,"-"]
["Faz Parte do Sindicato de Produtores",1,null,{"v":25,"d":"25.0"}]
["Não utiliza assistência técnica ",1,null,{"v":25,"d":"25.0"}]
["Utiliza somente assistência técnica governamental ",0,null,{"v":0,"d":"0.0"}]
["Utiliza somente assistência técnica privada ",0,null,{"v":0,"d":"0.0"}]
["Utiliza assistência técnica tanto governamental quanto privada",3,null,{"v":75,"d":"75.0"}]
["Utiliza Crédito Rural","-",null,"-"]
["Utiliza Seguro Rural","-",null,"-"]
["Utiliza Escrituração Agrícola",2,null,{"v":50,"d":"50.0"}]
["Acessa Internet p/ Fins na Agropecuária",1,null,{"v":25,"d":"25.0"}]
["Utiliza Computador nas Atividades Agropecuárias","-",null,"-"]
["Utiliza Energia Elétrica Para Uso na Atividade Agrícola",4,null,{"v":100,"d":"100.0"}]
["Realiza Análise de Solo, quando necessário","-",null,"-"]
["Utiliza Práticas de Conservação de Solo, quando necessário",3,null,{"v":75,"d":"75.0"}]
["Faz Adubação Mineral, quando necessário",4,null,{"v":100,"d":"100.0"}]
["Faz Adubação Orgânica, quando necessário",4,null,{"v":100,"d":"100.0"}]
["Faz Adubação Verde, quando necessário","-",null,"-"]
["Utiliza Manejo Integrado de Pragas (MIP)","-",null,"-"]
["Utiliza Hidroponia","-",null,"-"]
["Utiliza Plasticultura","-",null,"-"]
["Utiliza Mudas Fiscalizadas",1,null,{"v":25,"d":"25.0"}]
["Utiliza Semente Melhorada",2,null,{"v":50,"d":"50.0"}]
["Faz Confinamento de Bovinos","-",null,"-"]
["Utiliza Pastejo Intensivo","-",null,"-"]
["Faz Inseminação Artificial","-",null,"-"]
["Faz Mineralização do Rebanho",1,null,{"v":25,"d":"25.0"}]
["Faz Vermifugação do Rebanho",1,null,{"v":25,"d":"25.0"}]
["Possui Parceiros /Arrendatários na Exploração Animal","-",null,"-"]
["Esporte e lazer","-",null,"-"]
["Extração mineral","-",null,"-"]
["Hotel Fazenda, Pousada ou SPA","-",null,"-"]
["Pesque-pague","-",null,"-"]
["Restaurante ou Lanchonete","-",null,"-"]
["Transformação artesanal","-",null,"-"]
["Turismo rural ou ecoturismo","-",null,"-"]
["Outras atividades econômicas rurais","-",null,"-"]
["Agroindústria","-",null,"-"]
["Proprietário sem instrução ou com instrução incompleta","-",null,"-"]
["Proprietário com antigo primário completo","-",null,"-"]
["Proprietário com 1° grau (ou antigo ginasial) completo",1,null,{"v":25,"d":"25.0"}]
["Proprietário com 2° grau (ou antigo colegial) completo",3,null,{"v":75,"d":"75.0"}]
["Proprietário com curso superior completo ","-",null,"-"]
["Pessoa Jurídica","-",null,"-"]
["Proprietário residente na própria UPA ",1,null,{"v":25,"d":"25.0"}]
["Fonte: Secretaria de Agricultura e Abastecimento, CDRS/IEA, Projeto LUPA."]
[]
["TABELA 295.5 - Área Cultivada, Município de Juquitiba, Estado de São Paulo, 2007/08."]
["CULTURA","N.DE UPAs","MÍNIMO","MÉDIO","MÁXIMO","TOTAL"]
["Outras gramineas para pastagem",3,{"v":4,"d":"4.0"},{"v":10.33,"d":"10.3"},{"v":19,"d":"19.0"},{"v":31,"d":"31.0"}]
["Braquiaria",4,{"v":4,"d":"4.0"},{"v":6,"d":"6.0"},{"v":8,"d":"8.0"},{"v":24,"d":"24.0"}]
["Eucalipto",3,2.2,{"v":6.73,"d":"6.7"},{"v":10,"d":"10.0"},20.2]
["Pinus",1,{"v":12,"d":"12.0"},{"v":12,"d":"12.0"},{"v":12,"d":"12.0"},{"v":12,"d":"12.0"}]
["Milho",3,{"v":1,"d":"1.0"},{"v":1.67,"d":"1.7"},{"v":2,"d":"2.0"},{"v":5,"d":"5.0"}]
["Feijao",2,{"v":1,"d":"1.0"},1.5,{"v":2,"d":"2.0"},{"v":3,"d":"3.0"}]
["Pomar domestico",1,{"v":2,"d":"2.0"},{"v":2,"d":"2.0"},{"v":2,"d":"2.0"},{"v":2,"d":"2.0"}]
["Horta domestica",3,0.1,0.4,0.9,1.2]
["Capim-napier (ou capim-elefante)",1,{"v":1,"d":"1.0"},{"v":1,"d":"1.0"},{"v":1,"d":"1.0"},{"v":1,"d":"1.0"}]
["Cana-de-acucar",1,{"v":1,"d":"1.0"},{"v":1,"d":"1.0"},{"v":1,"d":"1.0"},{"v":1,"d":"1.0"}]
["Outras olericolas",1,0.8,0.8,0.8,0.8]
["Aveia",1,0.8,0.8,0.8,0.8]
["Sorgo",1,0.6,0.6,0.6,0.6]
["Fonte: Secretaria de Agricultura e Abastecimento, CDRS/IEA, Projeto LUPA."]